[Event "La Zubia op"]
[Site "La Zubia"]
[Date "2023.12.07"]
[Round "2"]
[White "Perea Fruet, Federico"]
[Black "Hernandez Munoz, Antonio Ramon"]
[Result "1-0"]
[WhiteElo "1901"]
[BlackElo "2249"]
[PlyCount "69"]
[EventDate "2023.12.07"]
[EventType "swiss"]
[EventRounds "7"]
[EventCountry "ESP"]
[SourceTitle "CB50_2023"]
[SourceDate "2023.12.13"]
[SourceVersion "1"]
[SourceVersionDate "2023.12.13"]
[SourceQuality "1"]

1. e4 c5 2. Nf3 d6 3. c3 Nf6 4. h3 Nc6 5. Bd3 d5 6. exd5 Qxd5 7. Bc2 e5 8. 0-0 e4 9. Re1 Be7 10. Nh2 Bf5 11. Nf1 Bg6 12. Na3 0-0-0 13. Ne3 Qd7 14. Ba4 Bd6 15. Nac4 Bc7 16. b4 cxb4 17. cxb4 Qe6 18. Bxc6 Qxc6 19. Ba3 Rd3 20. Rc1 Qd7 21. Ne5 Qd4 22. Nxd3 exd3 23. b5 Ne4 24. Rc4 Qe5 25. Ng4 Qd5 26. Qc1 Qd8 27. Ne5 f5 28. Re3 Kb8 29. Rxd3 Bxe5 30. Rxd8+ Rxd8 31. Be7 Re8 32. Bb4 Bf7 33. Rc2 Bd4 34. d3 Ng3 35. Bd6+ 1-0

[Event "ESP-ch U14"]
[Site "Salobrena"]
[Date "2023.07.21"]
[Round "8"]
[White "Perea Fruet, Federico"]
[Black "Garcia Trabanca, Ana"]
[Result "0-1"]
[WhiteElo "1868"]
[BlackElo "1640"]
[PlyCount "94"]
[EventDate "2023.07.17"]
[EventType "swiss"]
[EventRounds "9"]
[EventCountry "ESP"]
[SourceTitle "EXT 2024"]
[Source "ChessBase"]
[SourceDate "2023.10.10"]
[SourceVersion "1"]
[SourceVersionDate "2023.10.10"]
[SourceQuality "1"]

1. e4 e5 2. Nf3 Nc6 3. d4 exd4 4. Nxd4 Bc5 5. Nb3 Bb6 6. Qe2 a5 7. a4 Nge7 8. Nc3 Nb4 9. Bg5 f6 10. Bh4 0-0 11. 0-0-0 d6 12. f4 Be6 13. Nd4 Bf7 14. g4 Re8 15. Bg2 Ng6 16. Bg3 d5 17. Qf1 Bxd4 18. Rxd4 c5 19. Rd2 d4 20. Nb5 Qe7 21. h4 Qe6 22. b3 Qxg4 23. Rh3 Qd7 24. h5 Nf8 25. f5 h6 26. Bf4 Nh7 27. Bf3 Nc6 28. Rg3 Ng5 29. Bxg5 fxg5 30. Qe2 Ne5 31. c4 Rad8 32. Bg2 b6 33. Bh3 Qe7 34. Kb1 Rf8 35. Na3 Be8 36. Nc2 d3 37. Rgxd3 Nxd3 38. Rxd3 Rxd3 39. Qxd3 Bc6 40. Bg2 Rd8 41. Qe2 Qe5 42. Qf3 Re8 43. Qd3 Bxe4 44. Bxe4 Qxe4 45. Qd7 Rf8 46. Qd6 Rxf5 47. Qg6 Rf1+ 0-1

[Event "Benalmadena Rapid op 1st"]
[Site "Benalmadena"]
[Date "2023.02.25"]
[Round "1"]
[White "Perea Fruet, Federico"]
[Black "Merario Alarcon, Andres"]
[Result "0-1"]
[WhiteElo "1702"]
[BlackElo "2449"]
[PlyCount "36"]
[EventDate "2023.02.25"]
[EventType "swiss (rapid)"]
[EventRounds "9"]
[EventCountry "ESP"]
[SourceTitle "EXT 2024"]
[Source "ChessBase"]
[SourceDate "2023.10.10"]
[SourceVersion "1"]
[SourceVersionDate "2023.10.10"]
[SourceQuality "1"]

1. e4 Nc6 2. Nf3 d6 3. d4 Nf6 4. Nc3 g6 5. Be2 Bg7 6. Be3 a6 7. a4 0-0 8. 0-0 b6 9. Qd2 Bb7 10. Rad1 e6 11. Bg5 Qe8 12. Rfe1 Rc8 13. Bf1 e5 14. d5 Nb8 15. b3 Nbd7 16. g3 Nc5 17. Bh3 Ra8 18. Qe2 h6 0-1

[Event "ESP-ch U12 Rapid"]
[Site "Salobrena"]
[Date "2022.07.16"]
[Round "3"]
[White "Perea Fruet, Federico"]
[Black "Villa Tornero, Alex"]
[Result "0-1"]
[WhiteElo "1398"]
[BlackElo "1925"]
[PlyCount "42"]
[EventDate "2022.07.09"]
[EventType "swiss (rapid)"]
[EventRounds "9"]
[EventCountry "ESP"]
[SourceTitle "EXT 2023"]
[Source "ChessBase"]
[SourceDate "2022.10.05"]
[SourceVersion "1"]
[SourceVersionDate "2022.10.05"]
[SourceQuality "1"]

1. e4 Nf6 2. e5 Nd5 3. c4 Nb6 4. d4 d6 5. exd6 cxd6 6. Nc3 g6 7. a4 Bg7 8. a5 N6d7 9. Nf3 0-0 10. Be3 e5 11. Be2 Nc6 12. Qd2 f5 13. d5 Ne7 14. Qc2 Nf6 15. Rd1 h6 16. h4 f4 17. Bc1 Qxa5 18. 0-0 Bf5 19. Bd3 Rac8 20. b3 Nfxd5 21. Bxf5 gxf5 0-1

[Event "ESP-ch U12"]
[Site "Salobrena"]
[Date "2022.07.14"]
[Round "6"]
[White "Villa Tornero, Alex"]
[Black "Perea Fruet, Federico"]
[Result "1-0"]
[WhiteElo "2106"]
[BlackElo "1720"]
[PlyCount "77"]
[EventDate "2022.07.04"]
[EventType "swiss"]
[EventRounds "9"]
[EventCountry "ESP"]
[SourceTitle "EXT 2023"]
[Source "ChessBase"]
[SourceDate "2022.10.05"]
[SourceVersion "1"]
[SourceVersionDate "2022.10.05"]
[SourceQuality "1"]

1. e4 c5 2. Nf3 e6 3. d4 cxd4 4. Nxd4 Qb6 5. Nc3 Bc5 6. Na4 Qa5+ 7. c3 Bxd4 8. b4 Bxf2+ 9. Kxf2 Qc7 10. Qg4 Qe5 11. Bd3 Nf6 12. Qf3 0-0 13. Bf4 Qh5 14. Qxh5 Nxh5 15. Bd6 Re8 16. g4 Nf6 17. g5 Nh5 18. Be2 g6 19. Bxh5 gxh5 20. e5 b6 21. b5 Bb7 22. Rhe1 Rc8 23. Rad1 Kg7 24. Rd4 Bd5 25. Re2 Kg6 26. Rf4 Rc4 27. Rxc4 Bxc4 28. Rb2 Kxg5 29. Ke3 Bf1 30. Rb1 Bc4 31. Rg1+ Kf5 32. Nb2 Bxb5 33. c4 Bc6 34. Nd3 Na6 35. Rf1+ Kg5 36. Be7+ Kg4 37. Rf4+ Kh3 38. Kf2 f6 39. Bxf6 1-0

[Event "ESP-ch U12"]
[Site "Salobrena"]
[Date "2021.07.07"]
[Round "4"]
[White "Kowalski Rubiales, Nicholas"]
[Black "Perea Fruet, Federico"]
[Result "1/2-1/2"]
[WhiteElo "1151"]
[BlackElo "1406"]
[PlyCount "62"]
[EventDate "2021.07.05"]
[EventType "swiss"]
[EventRounds "9"]
[EventCountry "ESP"]
[SourceTitle "EXT 2022"]
[Source "ChessBase"]
[SourceDate "2021.10.06"]
[SourceVersion "1"]
[SourceVersionDate "2021.10.06"]
[SourceQuality "1"]

1. e4 c5 2. c3 d5 3. exd5 Qxd5 4. d4 Nc6 5. Nf3 e5 6. Be3 e4 7. c4 Qd8 8. d5 exf3 9. dxc6 Qxd1+ 10. Kxd1 Bg4 11. Ke1 0-0-0 12. cxb7+ Kxb7 13. Nd2 fxg2 14. Bxg2+ Ka6 15. f3 Bh5 16. Kf2 Be7 17. Rhd1 Nf6 18. Nb3 Rhe8 19. Nxc5+ Bxc5 20. Bxc5 Ne4+ 21. fxe4 Rxd1 22. Rxd1 Bxd1 23. b4 Re5 24. b5+ Kb7 25. Bd4 Rg5 26. Be3 Rg6 27. e5+ Kb8 28. Bf4 Kc8 29. Be3 Kb8 30. Bf4 Kc8 31. Be3 Kb8 1/2-1/2

[Event "ESP-ch U12"]
[Site "Salobrena"]
[Date "2021.07.07"]
[Round "5"]
[White "Rey Martinez, Jaime"]
[Black "Perea Fruet, Federico"]
[Result "1-0"]
[WhiteElo "2059"]
[BlackElo "1406"]
[PlyCount "73"]
[EventDate "2021.07.05"]
[EventType "swiss"]
[EventRounds "9"]
[EventCountry "ESP"]
[SourceTitle "EXT 2022"]
[Source "ChessBase"]
[SourceDate "2021.10.06"]
[SourceVersion "1"]
[SourceVersionDate "2021.10.06"]
[SourceQuality "1"]

1. e4 c5 2. Nf3 Nc6 3. d4 cxd4 4. Nxd4 e5 5. Nb5 a6 6. Nd6+ Bxd6 7. Qxd6 Qe7 8. Qd1 d6 9. Nc3 Be6 10. Nd5 Bxd5 11. exd5 Nb8 12. Bd3 Nf6 13. c4 Nbd7 14. 0-0 h6 15. Be3 0-0 16. Rc1 e4 17. Bb1 Rac8 18. Re1 Nh7 19. Bd4 f5 20. b4 Nhf6 21. a3 g5 22. Ba2 Kh7 23. c5 g4 24. a4 h5 25. c6 bxc6 26. dxc6 Nb8 27. b5 axb5 28. axb5 h4 29. Bxf6 Rxf6 30. Qd5 Qa7 31. Re3 Nd7 32. Rec3 Nc5 33. Bc4 Rb8 34. Bf1 Rc8 35. Qd2 Kg6 36. Qf4 Rd8 37. h3 1-0

[Event "ESP-ch U12"]
[Site "Salobrena"]
[Date "2020.07.31"]
[Round "7"]
[White "Senosiain Noriega, Unax"]
[Black "Perea Fruet, Federico"]
[Result "0-1"]
[WhiteElo "1232"]
[BlackElo "1149"]
[PlyCount "68"]
[EventDate "2020.07.27"]
[EventType "swiss"]
[EventRounds "9"]
[EventCountry "ESP"]
[SourceTitle "EXT 2021"]
[Source "ChessBase"]
[SourceDate "2020.10.23"]
[SourceVersion "1"]
[SourceVersionDate "2020.10.23"]
[SourceQuality "1"]

1. e4 c5 2. Nf3 e6 3. d4 cxd4 4. Nxd4 Nc6 5. Nc3 Qc7 6. Qd3 a6 7. a3 Nf6 8. Nb3 b5 9. Qg3 Qb6 10. Be3 Qb8 11. Bf4 d6 12. Rd1 Nh5 13. Qh4 Nxf4 14. Qxf4 Be7 15. Be2 0-0 16. 0-0 Rd8 17. Na2 h6 18. Nd4 Nxd4 19. Rxd4 e5 20. Qe3 exd4 21. Qxd4 Bf6 22. Qd5 Be6 23. Qd3 Bxa2 24. b3 Qc7 25. Bf3 Rac8 26. Bd1 Qc3 27. Qd5 Bb1 28. Bh5 g6 29. Bxg6 Rf8 30. Bh5 Rc5 31. Qd1 Bxc2 32. Qg4+ Rg5 33. Qe2 Bd3 34. Qf3 Bxf1 0-1

[Event "ESP-ch U12"]
[Site "Salobrena"]
[Date "2020.07.29"]
[Round "4"]
[White "Perea Fruet, Federico"]
[Black "Carrasco Gomez, Adahara"]
[Result "0-1"]
[WhiteElo "1149"]
[BlackElo "1590"]
[PlyCount "48"]
[EventDate "2020.07.27"]
[EventType "swiss"]
[EventRounds "9"]
[EventCountry "ESP"]
[SourceTitle "EXT 2021"]
[Source "ChessBase"]
[SourceDate "2020.10.23"]
[SourceVersion "1"]
[SourceVersionDate "2020.10.23"]
[SourceQuality "1"]

1. e4 c5 2. Nc3 e6 3. d4 cxd4 4. Qxd4 Nc6 5. Qd2 Nf6 6. b3 Bb4 7. Bd3 d5 8. exd5 Nxd5 9. Bb2 Qa5 10. Nge2 Nd4 11. a3 Bxc3 12. Nxc3 0-0 13. Bxh7+ Kxh7 14. Qxd4 Rh8 15. b4 Qb6 16. Qd3+ Kg8 17. Nxd5 exd5 18. Qxd5 Be6 19. Qg5 Rh7 20. 0-0-0 Rc8 21. Rd2 Bb3 22. Rhd1 f6 23. Bd4 Qxd4 24. Qf5 Qa1# 0-1

[Event "ESP-ch U10"]
[Site "Salobrena"]
[Date "2020.07.23"]
[Round "6"]
[White "Perea Fruet, Federico"]
[Black "Escoffier, Eli"]
[Result "1/2-1/2"]
[WhiteElo "1149"]
[BlackElo "1247"]
[PlyCount "173"]
[EventDate "2020.07.20"]
[EventType "swiss"]
[EventRounds "9"]
[EventCountry "ESP"]
[SourceTitle "EXT 2021"]
[Source "ChessBase"]
[SourceDate "2020.10.23"]
[SourceVersion "1"]
[SourceVersionDate "2020.10.23"]
[SourceQuality "1"]

1. e4 e5 2. Nf3 Nc6 3. d4 exd4 4. Nxd4 Nf6 5. Nc3 Bb4 6. Nxc6 bxc6 7. Bd3 0-0 8. 0-0 Re8 9. Re1 d5 10. Bd2 Qd6 11. exd5 Bb7 12. dxc6 Qxc6 13. f3 Ng4 14. Be4 Qb6+ 15. Be3 Nxe3 16. Na4 Nxd1+ 17. Nxb6 Bxe1 18. Nxa8 Bxe4 19. fxe4 Rxa8 20. Rxd1 Ba5 21. c4 f6 22. Kf2 Kf7 23. Rd3 Rb8 24. b3 Re8 25. a3 Bb6+ 26. Kf3 Kg6 27. Rd1 Re5 28. b4 c5 29. Rd7 Rh5 30. h3 f5 31. e5 Rh4 32. Rd5 Rxc4 33. Rd6+ Kf7 34. Rc6 Bd8 35. bxc5 g6 36. Rc8 Be7 37. c6 Ke6 38. g4 Kxe5 39. Rc7 Bxa3 40. Rxa7 Bd6 41. Rxh7 Rxc6 42. gxf5 Kxf5 43. h4 Rc3+ 44. Kg2 Kg4 45. Rh6 Rc2+ 46. Kf1 Kf3 47. Ke1 Bg3+ 48. Kd1 Rh2 49. Rxg6 Rxh4 50. Kd2 Bf4+ 51. Kd3 Be5 52. Rg8 Rd4+ 53. Kc2 Ke3 54. Re8 Ke4 55. Rg8 Bf4 56. Re8+ Kf3 57. Kc3 Rd7 58. Kc4 Kg4 59. Kc5 Kf5 60. Kc6 Rd1 61. Rf8+ Ke4 62. Re8+ Be5 63. Rg8 Rd2 64. Rg4+ Bf4 65. Rg8 Rd6+ 66. Kc5 Rd5+ 67. Kc6 Kd4 68. Rg4 Rf5 69. Kd7 Kd5 70. Ke7 Ke5 71. Rg2 Kd5 72. Ra2 Bd6+ 73. Kd7 Rf7+ 74. Ke8 Rh7 75. Re2 Bc5 76. Rg2 Bd4 77. Rg6 Ke5 78. Ra6 Bc5 79. Kd8 Bd6 80. Kc8 Rc7+ 81. Kb8 Ke6 82. Ra7 Rg7+ 83. Ka8 Rg8+ 84. Kb7 Bc5 85. Ra8 Rg7+ 86. Kc6 Bd6 87. Re8+ 1/2-1/2

[Event "ESP-ch U10"]
[Site "Salobrena"]
[Date "2020.07.20"]
[Round "2"]
[White "Perea Fruet, Federico"]
[Black "Marin Ripoll, Marti"]
[Result "1-0"]
[WhiteElo "1149"]
[BlackElo "1335"]
[PlyCount "60"]
[EventDate "2020.07.20"]
[EventType "swiss"]
[EventRounds "9"]
[EventCountry "ESP"]
[SourceTitle "EXT 2021"]
[Source "ChessBase"]
[SourceDate "2020.10.23"]
[SourceVersion "1"]
[SourceVersionDate "2020.10.23"]
[SourceQuality "1"]

1. e4 c5 2. Nc3 d6 3. d4 cxd4 4. Qxd4 e5 5. Qd2 Be6 6. b3 Nf6 7. Bb2 Nc6 8. 0-0-0 Qa5 9. f3 a6 10. Kb1 0-0-0 11. g4 d5 12. exd5 Nxd5 13. Nxd5 Rxd5 14. Qe2 Bc5 15. Rxd5 Bxd5 16. c4 Be6 17. Bxe5 Re8 18. Bg3 Bf5+ 19. gxf5 Rxe2 20. Nxe2 Ba3 21. Bf4 Nb4 22. Bh3 Bb2 23. f6+ Kd8 24. Kxb2 gxf6 25. Rd1+ Ke8 26. Bd7+ Kd8 27. Bf5+ Ke8 28. Bd7+ Kd8 29. Bf5+ Ke8 30. Bd7+ Kd8 1-0